| 000 | 01257cam a2200325 i 4500 | ||
|---|---|---|---|
| 999 |
_c68113 _d68113 |
||
| 001 | 26313 | ||
| 003 | Mx-PuUPA | ||
| 005 | 20191008162950.0 | ||
| 008 | 140415s2016 gw r 000 0 ger d | ||
| 020 | _a9783451273759 | ||
| 040 |
_aMx-PuUPA _bspa _cMx-PuUPA _dMx-PuUPA _erda |
||
| 041 | _ager | ||
| 245 | 0 | 0 |
_aEdith Stein. _n5. _pZum problem der einfühlung / _cMaria Antonia Sondermann, editor ; Hanna-Barbara Gerl-Falkovitz, colaborador ; Internationales Edith Stein Institut |
| 246 | 3 | 1 | _aEdith Stein Gesamtausgabe. ESGA |
| 250 | _a3., durchgesehene auflage | ||
| 264 | 4 |
_aFreiburg im breisgau : _bVerlag Herder GmbH, _c2016 |
|
| 300 |
_axli, 158 páginas ; _c22 cm. |
||
| 336 |
_2rdacontent _atexto _btxt |
||
| 337 |
_2rdamedia _asin medio _bn |
||
| 338 |
_2rdacarrier _avolumen _bnc |
||
| 490 | 0 | _aB. Philosophische schriften | |
| 490 | 0 |
_aAbteilung 1. Frühe phänomenologie ; _v1 |
|
| 600 | 1 | 4 |
_aEdith Stein, -- Santa, _d1891-1942 _xEmpatía _xPsicología fenomenológica |
| 700 | 1 |
_aSondermann, Maria Antonia, _eeditor |
|
| 700 | 1 |
_aGerl-Falkovitz, Hanna-Barbara, _ecolaborador |
|
| 710 | 2 | _aInternationales Edith Stein Institut | |
| 942 |
_2ddc _cLI _h271.971022 _iE234 |
||